Aquaman - Portrayals by Picture - Statistics

General Stats
  • This quiz has been taken 8 times
  • The average score is 3 of 27
Answer Stats
Picture Answer % Correct
Jason Momoa
100%
Jason Momoa
60%
Greg Cipes / Patrick Warburton / Eric Bauza
20%
John DiMaggio
20%
Norman Alden / William Callaway
20%
Phil LaMarr
20%
Scott Rummell
20%
Alan Ritchson
0%
Alan Ritchson
0%
Cary Elwes
0%
Chris Diamantopoulos
0%
Cooper Andrews
0%
Dee Bradley Baker / Brian Bloom / Scott Porter / Lex Lang
0%
Derek Phillips
0%
Jens Anderson
0%
Jermaine Clement
0%
Josh Keaton
0%
Josh Keaton
0%
Justin Hartley
0%
Kazuya Nakai
0%
Liam McIntyre
0%
Liam O'Brien
0%
Matt Lanter
0%
Max Mittelman
0%
Miguel Ferrer
0%
Ted Knight
0%
Will Friedle
0%
No matching quizzes found
Score Distribution
Percent of People with Each Score
Percentile by Number Answered
Your Score History
You have not taken this quiz